[Event "Cattolica Halloween op"]
[Site "Cattolica"]
[Date "2021.10.31"]
[Round "7"]
[White "Mrdja, Milan"]
[Black "Toure, Vasanth"]
[Result "1/2-1/2"]
[WhiteElo "2260"]
[BlackElo "2037"]
[PlyCount "46"]
[EventDate "2021.10.27"]
[EventType "swiss"]
[EventRounds "9"]
[EventCountry "ITA"]
[SourceTitle "CBM 204 Extra"]
[Source "ChessBase"]
[SourceDate "2021.11.30"]
[SourceVersion "1"]
[SourceVersionDate "2021.11.30"]
[SourceQuality "1"]

1. e4 e5 2. Nc3 Nc6 3. g3 g6 4. Bg2 Bg7 5. d3 d6 6. Be3 Be6 7. Nge2 Nf6 8. d4 exd4 9. Nxd4 Nxd4 10. Bxd4 0-0 11. 0-0 Qd7 12. Qd3 a6 13. f4 b5 14. b3 c5 15. Bxf6 Bxf6 16. f5 Qa7 17. Kh1 c4 18. Qf3 b4 19. fxe6 Bxc3 20. exf7+ Rxf7 21. Qxf7+ Qxf7 22. Rxf7 Kxf7 23. Rd1 cxb3 1/2-1/2

[Event "EU-ch Online U2300 Final"]
[Site "Chess.com INT"]
[Date "2020.05.26"]
[Round "3"]
[White "Kacharava, Nikoloz"]
[Black "Toure, Vasanth"]
[Result "1-0"]
[WhiteElo "2437"]
[BlackElo "2132"]
[PlyCount "93"]
[EventDate "2020.05.26"]
[EventType "swiss"]
[EventRounds "8"]
[EventCountry "NET"]
[SourceTitle "CBM 196 Extra"]
[Source "ChessBase"]
[SourceDate "2020.07.31"]
[SourceVersion "1"]
[SourceVersionDate "2020.07.31"]
[SourceQuality "1"]

1. e4 e5 2. Nf3 Nc6 3. Bc4 Bc5 4. c3 Nf6 5. d3 d6 6. 0-0 a6 7. Nbd2 Ba7 8. a4 0-0 9. h3 h6 10. Re1 Nh5 11. Nf1 Qf6 12. Be3 Nf4 13. Bxa7 Rxa7 14. Ng3 g6 15. Nh2 h5 16. Qf3 Kg7 17. Ne2 Nxe2+ 18. Qxe2 Na5 19. Bd5 c6 20. Ba2 c5 21. Bd5 Be6 22. Bxe6 Qxe6 23. Qe3 Nc6 24. f4 exf4 25. Qxf4 Ne5 26. Qe3 b6 27. Nf3 Rd7 28. Nxe5 dxe5 29. a5 Rfd8 30. Red1 b5 31. Rd2 Qd6 32. Rf1 Qc7 33. Rdf2 Qd6 34. Qg5 Qe6 35. Rf6 Qe8 36. Rxa6 Rxd3 37. Qf6+ Kg8 38. Rb6 Rd2 39. a6 Rxb2 40. a7 Ra2 41. Rb8 Rxb8 42. Qxf7+ Kh8 43. axb8Q Qxb8 44. Qxa2 b4 45. cxb4 cxb4 46. Qf2 Qd6 47. Qf8+ 1-0

[Event "EU-ch Online U2300 Final"]
[Site "Chess.com INT"]
[Date "2020.05.26"]
[Round "2"]
[White "Khalafova, Narmin Ilgar Qizi"]
[Black "Toure, Vasanth"]
[Result "1-0"]
[WhiteElo "2279"]
[BlackElo "2132"]
[PlyCount "69"]
[EventDate "2020.05.26"]
[EventType "swiss"]
[EventRounds "8"]
[EventCountry "NET"]
[SourceTitle "CBM 196 Extra"]
[Source "ChessBase"]
[SourceDate "2020.07.31"]
[SourceVersion "1"]
[SourceVersionDate "2020.07.31"]
[SourceQuality "1"]

1. e4 e5 2. Nf3 Nc6 3. Bb5 a6 4. Ba4 Nge7 5. 0-0 g6 6. c3 Bg7 7. d4 exd4 8. cxd4 b5 9. Bc2 0-0 10. d5 Na5 11. Nc3 d6 12. h3 Nc4 13. Rb1 Bb7 14. Ne2 Qd7 15. b3 Nb6 16. Bb2 Bxb2 17. Rxb2 c5 18. dxc6 Nxc6 19. Bb1 Rad8 20. Rd2 Qe7 21. Re1 Ne5 22. Nfd4 Rfe8 23. f4 Nc6 24. Nxc6 Bxc6 25. Nd4 Bb7 26. Rde2 Qf6 27. Qd2 Nd7 28. a3 Kg7 29. Rf1 Nc5 30. e5 dxe5 31. fxe5 Qb6 32. Qf4 Re7 33. Qf6+ Kg8 34. Qxb6 Rxd4 35. Qxc5 1-0

[Event "EU-ch Online U2300 Final"]
[Site "Chess.com INT"]
[Date "2020.05.26"]
[Round "1"]
[White "Toure, Vasanth"]
[Black "Volovich, Vasily"]
[Result "1/2-1/2"]
[WhiteElo "2132"]
[BlackElo "2177"]
[PlyCount "84"]
[EventDate "2020.05.26"]
[EventType "swiss"]
[EventRounds "8"]
[EventCountry "NET"]
[SourceTitle "CBM 196 Extra"]
[Source "ChessBase"]
[SourceDate "2020.07.31"]
[SourceVersion "1"]
[SourceVersionDate "2020.07.31"]
[SourceQuality "1"]

1. e4 e6 2. d4 d5 3. Nd2 c5 4. dxc5 Bxc5 5. Bd3 Nf6 6. Qe2 Nc6 7. c3 0-0 8. Ngf3 e5 9. h3 Re8 10. 0-0 h6 11. Rd1 Be6 12. b4 Bd6 13. a3 Qc7 14. Bb2 Rad8 15. Rac1 Ne7 16. c4 dxe4 17. Nxe4 Nxe4 18. Bxe4 b6 19. Bb1 f6 20. Nh4 Kf8 21. Qe4 f5 22. Qe2 e4 23. g3 Be5 24. Bxe5 Qxe5 25. Ng2 Bf7 26. Bc2 Nc6 27. Ba4 Nd4 28. Rxd4 Qxd4 29. Bxe8 Bxe8 30. c5 bxc5 31. bxc5 Qd2 32. Qxd2 Rxd2 33. c6 Rd8 34. Ne3 Rc8 35. c7 g6 36. h4 Ke7 37. h5 Kd6 38. hxg6 Bxg6 39. Nc4+ Ke6 40. Ne3 Kd6 41. Nc4+ Ke6 42. Ne3 Kd6 1/2-1/2

[Event "EU-ch Online U2300 Qual"]
[Site "Chess.com INT"]
[Date "2020.05.25"]
[Round "4"]
[White "Bogumil, Tatiana"]
[Black "Toure, Vasanth"]
[Result "0-1"]
[WhiteElo "2182"]
[BlackElo "2132"]
[PlyCount "78"]
[EventDate "2020.05.25"]
[EventType "swiss"]
[EventRounds "8"]
[EventCountry "NET"]
[SourceTitle "EXT 2021"]
[Source "ChessBase"]
[SourceDate "2020.10.23"]
[SourceVersion "1"]
[SourceVersionDate "2020.10.23"]
[SourceQuality "1"]

1. Nf3 d5 2. c4 c6 3. b3 Bf5 4. Bb2 e6 5. g3 Nf6 6. Bg2 h6 7. 0-0 Be7 8. d3 0-0 9. Nbd2 a5 10. Ne5 Nfd7 11. e4 Nxe5 12. Bxe5 dxe4 13. dxe4 Bg6 14. Qe2 Nd7 15. Bc3 e5 16. Nf3 Qc7 17. Rad1 Bb4 18. Bb2 Rfe8 19. Nh4 Nf8 20. Nxg6 Nxg6 21. h4 Qe7 22. h5 Nf8 23. Bh3 Red8 24. Rxd8 Rxd8 25. Rd1 Bd6 26. Bc3 Bc7 27. Bf5 Nh7 28. Kg2 Nf6 29. Rxd8+ Qxd8 30. Bh3 Qd6 31. Kh2 Qc5 32. Bd2 Qd4 33. Bf5 Qb2 34. Qd3 Qxa2 35. Kg2 Qa3 36. Bc8 a4 37. Bxb7 Qxb3 38. Qxb3 axb3 39. Bxc6 b2 0-1

[Event "Noisiel op 5th"]
[Site "Noisiel"]
[Date "2020.02.17"]
[Round "4"]
[White "Toure, Vasanth"]
[Black "Degardin, Sylvain"]
[Result "1/2-1/2"]
[WhiteElo "2115"]
[BlackElo "2259"]
[PlyCount "89"]
[EventDate "2020.02.15"]
[EventType "swiss"]
[EventRounds "9"]
[EventCountry "FRA"]
[SourceTitle "CBM 195 Extra"]
[Source "ChessBase"]
[SourceDate "2020.05.31"]
[SourceVersion "1"]
[SourceVersionDate "2020.05.31"]
[SourceQuality "1"]

1. e4 e5 2. Nf3 Nc6 3. Bc4 Bc5 4. c3 Nf6 5. d3 d6 6. Nbd2 a6 7. Bb3 Ba7 8. Nf1 Ne7 9. Ng3 Ng6 10. Nf5 0-0 11. 0-0 Bxf5 12. exf5 Ne7 13. Nh4 d5 14. Bg5 Qd6 15. Re1 Rad8 16. Qe2 e4 17. g3 Rfe8 18. Bxf6 Qxf6 19. dxe4 Nc6 20. Kg2 dxe4 21. Rad1 g5 22. fxg6 hxg6 23. Rxd8 Nxd8 24. f4 Kg7 25. Kh1 Qc6 26. Ng2 Qc5 27. Ne3 b5 28. Kg2 f5 29. Nc2 Qc6 30. Qd2 Ne6 31. Nb4 e3+ 32. Nxc6 exd2 33. Rd1 Be3 34. Kf3 Nc5 35. Ne5 Rxe5 36. fxe5 Bh6 37. Bc2 Kf7 38. b4 Nd7 39. Bb3+ Ke7 40. h4 Nxe5+ 41. Ke2 Ng4 42. Ra1 Nf6 43. Bc2 Nh5 44. Kf3 Ng7 45. g4 1/2-1/2

[Event "Noisiel op 5th"]
[Site "Noisiel"]
[Date "2020.02.15"]
[Round "1"]
[White "Velten, Paul"]
[Black "Toure, Vasanth"]
[Result "1-0"]
[WhiteElo "2483"]
[BlackElo "2115"]
[PlyCount "125"]
[EventDate "2020.02.15"]
[EventType "swiss"]
[EventRounds "9"]
[EventCountry "FRA"]
[SourceTitle "CBM 195 Extra"]
[Source "ChessBase"]
[SourceDate "2020.05.31"]
[SourceVersion "1"]
[SourceVersionDate "2020.05.31"]
[SourceQuality "1"]

1. d4 d5 2. c4 e6 3. Nf3 a6 4. cxd5 exd5 5. Nc3 c6 6. Bf4 Bd6 7. Bxd6 Qxd6 8. Qc2 Ne7 9. e3 Bf5 10. Qb3 Qc7 11. Rc1 Qc8 12. Nh4 Be6 13. Na4 Nd7 14. Bd3 0-0 15. 0-0 Ng6 16. Nf3 Bg4 17. Nd2 f5 18. Qc2 Ne7 19. f3 Bh5 20. Rf2 Qc7 21. Nf1 g5 22. f4 g4 23. Nc5 Nxc5 24. dxc5 Rad8 25. Ng3 Be8 26. Nxf5 Nxf5 27. Bxf5 Qg7 28. e4 Bg6 29. Bxg6 Qxg6 30. e5 Qxc2 31. Rcxc2 Rf5 32. g3 Kf7 33. h3 gxh3 34. Rh2 Ke6 35. Rxh3 h5 36. Rch2 Rh8 37. Kf2 d4 38. Kf3 Kd5 39. b4 a5 40. bxa5 Rh7 41. Rh1 Rh8 42. R3h2 Rh7 43. Rd1 Re7 44. Re2 Rf8 45. Re4 Kxc5 46. Rdxd4 Kb5 47. e6 Kxa5 48. Re5+ Kb6 49. f5 Kc7 50. Rh4 Kd6 51. Kf4 Rh7 52. g4 Rg7 53. e7 Rxe7 54. Rxe7 Kxe7 55. Rxh5 c5 56. Rh7+ Kd6 57. g5 c4 58. f6 c3 59. Rh1 Rc8 60. Kf5 c2 61. Rc1 Kd7 62. Kg6 Ke8 63. Kg7 1-0

[Event "Teplice op 13th"]
[Site "Teplice"]
[Date "2018.06.21"]
[Round "6"]
[White "Jarmula, Lukasz"]
[Black "Toure, Vasanth"]
[Result "1-0"]
[WhiteElo "2499"]
[BlackElo "2027"]
[PlyCount "55"]
[EventDate "2018.06.16"]
[EventType "swiss"]
[EventRounds "9"]
[EventCountry "CZE"]
[SourceTitle "CBM 185 Extra"]
[Source "ChessBase"]
[SourceDate "2018.07.29"]
[SourceVersion "1"]
[SourceVersionDate "2018.07.29"]
[SourceQuality "1"]

1. e4 e5 2. Nf3 Nc6 3. Bb5 a6 4. Ba4 Nf6 5. 0-0 Nxe4 6. d4 b5 7. Bb3 d5 8. dxe5 Be6 9. Qe2 Be7 10. Rd1 0-0 11. c4 bxc4 12. Bxc4 Na5 13. Bd3 Nc5 14. Bc2 Nc6 15. Nc3 Nb4 16. Bb1 a5 17. Nd4 Qe8 18. f4 f5 19. a3 Nc6 20. Nxe6 Nxe6 21. Nxd5 Bc5+ 22. Be3 Ncd4 23. Qc4 Qh5 24. Ba2 Nf3+ 25. gxf3 Bxe3+ 26. Nxe3 Qxf3 27. Qxe6+ Kh8 28. Ng2 1-0

[Event "FRA-ch U20"]
[Site "Pau"]
[Date "2015.04.29"]
[Round "5"]
[White "Degardin, Sylvain"]
[Black "Toure, Vasanth"]
[Result "0-1"]
[WhiteElo "2135"]
[BlackElo "1901"]
[PlyCount "100"]
[EventDate "2015.04.26"]
[EventType "swiss"]
[EventRounds "9"]
[EventCountry "FRA"]
[SourceTitle "CBM 166 Extra"]
[Source "ChessBase"]
[SourceDate "2015.06.18"]
[SourceVersion "1"]
[SourceVersionDate "2015.06.18"]
[SourceQuality "1"]

1. d4 Nf6 2. c4 g6 3. g3 Bg7 4. Bg2 c6 5. Nf3 d5 6. 0-0 dxc4 7. Na3 b5 8. Ne5 Nd5 9. e4 Nb4 10. f4 Nd3 11. Nxd3 cxd3 12. d5 Ba6 13. Qb3 Qb6+ 14. Kh1 0-0 15. e5 Rd8 16. Bd2 cxd5 17. Bb4 Nc6 18. Rfd1 Nxb4 19. Qxb4 e6 20. Rxd3 Bf8 21. Qe1 b4 22. Rb3 Rac8 23. Nb1 Rc2 24. Nd2 Rdc8 25. Rd1 Bb7 26. g4 Qd4 27. Rf3 Qxb2 28. f5 Rc1 29. Rf1 Rxd1 30. Qxd1 Qxe5 31. fxg6 hxg6 32. Qf3 Rc7 33. Qh3 f6 34. Nf3 Qf4 35. Ne1 Qh6 36. Qf3 Bd6 37. h3 Be5 38. Nd3 Rc3 39. Qd1 Ba6 40. Qa4 Bxd3 41. Qe8+ Kh7 42. g5 Qg7 43. Re1 Bf5 44. gxf6 Bxf6 45. Qb8 Bxh3 46. Qxb4 Bxg2+ 47. Kxg2 Rc2+ 48. Kf3 Rc3+ 49. Kg2 Qh6 50. Qb7+ Bg7 0-1